Normal view MARC view

Entry Personal Name

Number of records used in: 1

001 - CONTROL NUMBER

  • control field: 159

003 - CONTROL NUMBER IDENTIFIER

  • control field: DLC

005 - DATE AND TIME OF LATEST TRANSACTION

  • control field: 20191116123045.0

008 - FIXED-LENGTH DATA ELEMENTS

  • fixed length control field: 100520n| acannaabn |a aaa

010 ## - LIBRARY OF CONGRESS CONTROL NUMBER

  • LC control number: n 2010212967

040 ## - CATALOGING SOURCE

  • Original cataloging agency: DLC
  • Language of cataloging: eng
  • Transcribing agency: DLC

100 1# - HEADING--PERSONAL NAME

  • Personal name: Kesavānī, Rājakumāra,
  • Dates associated with a name: 1950-

400 0# - SEE FROM TRACING--PERSONAL NAME

  • Personal name: Rājakumāra Kesavānī,
  • Dates associated with a name: 1950-

400 1# - SEE FROM TRACING--PERSONAL NAME

  • Personal name: Keswani, Rajkumar,
  • Dates associated with a name: 1950-

670 ## - SOURCE DATA FOUND

  • Source citation: Kesavānī, Rājakumāra. Bômbe ṭôkī, c2010:
  • Information found: t.p. (Rājakumāra Kesavānī) t.p. verso (Rajkumar Keswani) jkt. (journalist, ed., magazines, Dainik Bhaskar, Hindi daily; b. Nov. 26, 1950)

Powered by Koha